| 000 | 00804nam a2200217 i 4500 | ||
|---|---|---|---|
| 001 | 179979 | ||
| 003 | ES-MaACL | ||
| 005 | 20250818054851.0 | ||
| 008 | 120309s2009 ve |||| | spa d | ||
| 020 | _a978-980-6779-32-7 | ||
| 080 | _a821.134.2(87)-14"19" | ||
| 100 | 1 |
_aRamírez Pérez, Juan Manuel. _9149572 |
|
| 245 | 1 | 3 |
_aEl ingenioso Hidalgo de La Mancha _b: sonetos / _cJuan Manuel Ramírez Pérez. |
| 250 | _a1ª ed. | ||
| 260 |
_aCaracas, Venezuela : _bNorma, _c2009. |
||
| 300 |
_a158 p. ; _c21 cm. |
||
| 650 | 7 |
_aDon Quijote (Personaje de ficción)- _vPoesías _2 _9149573 |
|
| 852 |
_aES-MaACL _jA-12027 _9186886 _bR.146991 _cDEPO1 _dOlim: N-5032 _xDonación: Juan Manuel Ramírez Pérez _zDedicatoria autógrafa del autor |
||
| 942 |
_2udc _cMONOGRAFIA |
||
| 999 |
_c179979 _d179979 |
||